Normal view MARC view
  • Aska Zafar Rana, Hira Ali Jamal and Sehrish Khan

Entry Personal Name

Number of records used in: 1

001 - CONTROL NUMBER

  • control field: 92772

003 - CONTROL NUMBER IDENTIFIER

  • control field: NUST

005 - DATE AND TIME OF LATEST TRANSACTION

  • control field: 20220704171605.0

008 - FIXED-LENGTH DATA ELEMENTS

  • fixed length control field: 220704|| aca||aabn | a|a d

040 ## - CATALOGING SOURCE

  • Original cataloging agency: NUST
  • Transcribing agency: NUST

100 ## - HEADING--PERSONAL NAME

  • Personal name: Aska Zafar Rana, Hira Ali Jamal and Sehrish Khan

670 ## - SOURCE DATA FOUND

  • Source citation: Work cat.: (NUST)10580: Aska Zafar Rana, Hira Ali Jamal and Sehrish Khan, Effective of alignment correction on image fusion [Project Report BEE-4], 2011.
© 2023 Central Library, National University of Sciences and Technology. All Rights Reserved.